Συνοπτική ιστορία του ελληνικού κινηματογράφου

Αποθηκεύτηκε σε:
Λεπτομέρειες βιβλιογραφικής εγγραφής
Κύριος συγγραφέας: Σολδάτος, Γιάννης, 1952-
Μορφή: Βιβλίο
Γλώσσα:Greek
Δημοσίευση: Αθήνα : Αιγόκερως, 2015.
Σειρά:Κινηματογράφος (Αιγόκερως)
Θέματα:
Ετικέτες: Προσθήκη ετικέτας
Δεν υπάρχουν, Καταχωρήστε ετικέτα πρώτοι!

MARC

LEADER 00000cam a2200000 a 4500
001 1/114172
008 170530s2015####gr | ||| |||| ||gre||
020 |a 9789603224891 
040 |a GR-MyUa  |b gre  |c GR-MyUa  |e AACR2 
041 0 |a gre 
082 7 |a 791.4309495   |2 (23) 
100 1 |a Σολδάτος, Γιάννης,   |d 1952- 
245 1 0 |a Συνοπτική ιστορία του ελληνικού κινηματογράφου /   |c Γιάννης Σολδάτος.  
260 |a Αθήνα :   |b Αιγόκερως,   |c 2015.  
300 |a 219 σ. ;   |c 24 εκ.  
490 1 |a (Κινηματογράφος / Αιγόκερως)  
650 0 |a Motion pictures  |z Greece  |x History. 
830 0 |a Κινηματογράφος (Αιγόκερως) 
852 |a INST  |b LESVOS  |c EUDOXUS  |e 20170530  |h 791.4309495 ΣΟΛ  |p 005100059306  |q 005100059306  |t EDX  |y 0 
852 |a INST  |b SYROS  |c EUDOXUS  |e 20170630  |h 791.4309495 ΣΟΛ  |p 005500013094  |q 005500013094  |t BK  |y 0 
920 |a Εύδοξος  |b Παραγγελία  |y Λέσβος-ΤΠΤΕ  |z 2017-05 
920 |a Εύδοξος  |b Παραγγελία  |y Σύρος-ΤΜΣΠΣ  |z 2017-05 
970 |a Καμάτσου  |b Δέσποινα  |z 30/05/2017